Дело по ревизии отчетности Строительного комитета, высочайше учрежденного для постройки погоревших зданий Казанского университет...

Доступно только в Электронных читальных залах Найти на картеНа карте
RUSMARC
00004142nmc2a22002653x 450
0011c834edf-eded-426c-bb5f-4208a2163d41
00520260210015740.0
100##$a20250909l18501859k l0rusy0189 ca
1010#$arus
102##$aRU
105##$ay###
1222#$ad
2001#$aДело по ревизии отчетности Строительного комитета, высочайше учрежденного для постройки погоревших зданий Казанского университета и Второй Казанской гимназии, с 1842 года по 1848 год включительно
$j[1850-1859] гг.
215##$a95 л.
$d36,5х26 см
251##$cДело
300##$a[Приложение №4]
300##$aОриг. заголовок дела: Общий отчет. О приходе, расходе и остатке суммы, отпущенной на возведение здания для магнитных наблюдений при Казанском университете. [1850 г. - 1859 г]
371##$aДокумент не является опубликованным и широко распространяемым
461#0$1001a74412a3-3cc5-4d21-8f0a-dfe2fbd9e72d
$12001
$aДепартамент народного просвещения Министерства народного просвещения (1803-1917)
$1251
$cФонд
$1852
$j733
462#0$1001a6622fb3-31f3-4f49-aac3-243f6793e8d6
$12001
$aДела Департамента народного просвещения за 1818-1862 годы
$1251
$cОпись
$1852
$j113
5171#$aОбщий отчет. О приходе, расходе и остатке суммы, отпущенной на возведение здания для магнитных наблюдений при Казанском университете. [1850 г. - 1859 г]
801#0$aRU
$bРГИА
$c20250909
$gRCR
801#1$aRU
$bГлавНИВЦ
$c20250909
$2rusmarc
801#2$aRU
$bПБ им. Б.Н. Ельцина
$c20260210
$gRCR
$2rusmarc
850##$aРГИА
852##$aРГИА
$eФедеральное казенное учреждение "Российский государственный исторический архив" (РГИА)
$j175
937##$hРГИА
$d12095099
$aASBIBLIO_SCAN
035##$aRusGRCC00089135
856##$uhttp://readingroom.main.prlib.ru/item.aspx?id_node=n200405260&mode=full
Формат отображения